Introduction to cataloging :
Saved in:
| Main Author: | |
|---|---|
| Format: | Book |
| Published: |
New York :
McGraw-Hill,
[1970-].
|
| Subjects: | |
| Tags: |
Add Tag
No Tags, Be the first to tag this record!
|
MARC
| LEADER | 00000cam a2200000 4500 | ||
|---|---|---|---|
| 020 | |a NA |c NA | ||
| 040 | |a MUL |b eng. |e AACR | ||
| 082 | 0 | 0 | |a 025.32 BOL |
| 100 | 1 | |a Boll, John J., | |
| 245 | 1 | 0 | |a Introduction to cataloging : |c / John J. Boll. With special contributions by Richard D. Walker, Peggy O'Neill Barry [and] Ethel Farris Heise. |
| 260 | |a New York : |b McGraw-Hill, |c [1970-]. | ||
| 300 | |a v, 400 p.: |c 28 cm. | ||
| 504 | |a Includes bibliographical references. | ||
| 505 | 1 | |a v. 1. Descriptive cataloging and an overview of catalogs and cataloging.--v. 2. Entry headings, with emphasis on the cataloging process and on personal names. | |
| 650 | 0 | |a Descriptive cataloging |z United States | |
| 650 | 0 | |a What cataloguing is |z United States | |
| 650 | 0 | |a Parts of the card |z United States | |
| 650 | 0 | |a The author statement |z United States | |
| 942 | |c BK | ||
| 999 | |c 7888 |d 7888 | ||